000 00853nam a22002897a 4500
003 CHAP
005 20220329134816.0
008 971013s1957 r 00010 d
010 _a26283
011 _a27255
035 _a31356
040 _cCHAP
082 _a551.49
_bB88
100 0 0 _aButler, Stanley S.
_916444
245 _aEngineering hidrology
260 _aEnglewood Cliffs :
_bPrentice-Hall,
_c1957
300 _a356 p.
_b: ilus.
590 _aBATCH-UPD
_b10
_c20130110
_lUCH01
_h0912
590 _aBATCH-UPD
_b10
_c20130410
_lUCH01
_h0537
590 _aBATCH-UPD
_b10
_c20130914
_lUCH01
_h0759
590 _aCONVERSION
_b10
_c20130109
_lUCH01
_h1315
650 1 4 _aHidrología.
_955257
650 1 4 _aIngeniería hidráulica.
_958235
901 _aBK
942 _cLIBRO
949 _a551.49 B88
_bBC
_cLIBRO
_d33724000468674
_eLIBRO
_h7718
_i31356
_si
999 _c26283
_d26283